| 000 | 00741nam a2200205 a 4500 | ||
|---|---|---|---|
| 001 | 000023280 | ||
| 005 | 20200930022117.0 | ||
| 008 | 101201s1974 ag r 000 0 spa d | ||
| 040 |
_aDO-SdBNP _bspa _cBNPHU |
||
| 041 | 1 | 7 |
_aspa _heng _2Código de idiomas MARC |
| 082 |
_annnn _bD983p |
||
| 100 | 1 |
_aDuvall, Evelyn Millis, _947940 |
|
| 240 | 1 | 0 |
_aWhy wait till marriage? _lEspañol. |
| 245 | 1 | 1 |
_a¿Por qué esperar hasta el matrimonio? / _cEvelyn Millis Duvall ; traducido por Pablo Alberto Deiros. |
| 260 |
_aBuenos Aires : _bCasa Bautista de Publicaciones, _c1974. |
||
| 300 |
_a155 p. ; _c19 cm. |
||
| 534 |
_pTítulo original en inglés: _tWhy wait till marriage? _c1965 |
||
| 700 | 1 |
_aDeiros, Pablo Alberto, _etr. _947941 |
|
| 049 | _aBNGR | ||
| 999 |
_c22777 _d22777 |
||